<?xml version="1.0" encoding="UTF-8"?>
<record
    xmlns:xsi="http://www.w3.org/2001/XMLSchema-instance"
    xsi:schemaLocation="http://www.loc.gov/MARC21/slim http://www.loc.gov/standards/marcxml/schema/MARC21slim.xsd"
    xmlns="http://www.loc.gov/MARC21/slim">

  <leader>00745nam a22002417a 4500</leader>
  <controlfield tag="005">20240408114804.0</controlfield>
  <datafield tag="010" ind1=" " ind2=" ">
    <subfield code="a">ENG-139990</subfield>
  </datafield>
  <datafield tag="020" ind1=" " ind2=" ">
    <subfield code="c">800.00</subfield>
    <subfield code="a">9789388489289</subfield>
  </datafield>
  <datafield tag="035" ind1=" " ind2=" ">
    <subfield code="a">EN-123522</subfield>
  </datafield>
  <datafield tag="037" ind1=" " ind2=" ">
    <subfield code="b">DBAD</subfield>
  </datafield>
  <datafield tag="082" ind1=" " ind2=" ">
    <subfield code="a">639.9</subfield>
    <subfield code="2">1</subfield>
  </datafield>
  <datafield tag="100" ind1=" " ind2=" ">
    <subfield code="a">Choudhury, Tanmay</subfield>
    <subfield code="9">64346</subfield>
  </datafield>
  <datafield tag="245" ind1=" " ind2=" ">
    <subfield code="a">The Sundarbans:</subfield>
    <subfield code="b">The Hinterland Of Wilderness/</subfield>
    <subfield code="c">By Tanmay Choudhury</subfield>
  </datafield>
  <datafield tag="250" ind1=" " ind2=" ">
    <subfield code="a">1</subfield>
  </datafield>
  <datafield tag="260" ind1=" " ind2=" ">
    <subfield code="a">West Bengal</subfield>
    <subfield code="b">Biswadip Ghosh</subfield>
  </datafield>
  <datafield tag="270" ind1=" " ind2=" ">
    <subfield code="a">13B Radhanath Mullick Lane </subfield>
    <subfield code="b">Kolkata</subfield>
    <subfield code="e">700012</subfield>
  </datafield>
  <datafield tag="300" ind1=" " ind2=" ">
    <subfield code="a">156p;</subfield>
    <subfield code="c">18(hb)</subfield>
  </datafield>
  <datafield tag="700" ind1=" " ind2=" ">
    <subfield code="a">Choudhury, Tanmay</subfield>
    <subfield code="9">64103</subfield>
  </datafield>
  <datafield tag="710" ind1=" " ind2=" ">
    <subfield code="a">Saha, Debashish [Art Director]</subfield>
    <subfield code="9">64100</subfield>
  </datafield>
  <datafield tag="710" ind1=" " ind2=" ">
    <subfield code="a">Lahiri , Debjani [Chief Editor]</subfield>
    <subfield code="9">64101</subfield>
  </datafield>
  <datafield tag="710" ind1=" " ind2=" ">
    <subfield code="a">Lahiri , D</subfield>
    <subfield code="9">64104</subfield>
  </datafield>
  <datafield tag="942" ind1=" " ind2=" ">
    <subfield code="2">ddc</subfield>
    <subfield code="c">EN</subfield>
    <subfield code="h">639.9</subfield>
    <subfield code="m">CHO</subfield>
    <subfield code="e">1</subfield>
  </datafield>
  <datafield tag="999" ind1=" " ind2=" ">
    <subfield code="c">201856</subfield>
    <subfield code="d">201856</subfield>
  </datafield>
  <datafield tag="952" ind1=" " ind2=" ">
    <subfield code="0">0</subfield>
    <subfield code="1">0</subfield>
    <subfield code="4">0</subfield>
    <subfield code="7">0</subfield>
    <subfield code="8">NFIC</subfield>
    <subfield code="a">BN</subfield>
    <subfield code="b">BN</subfield>
    <subfield code="d">2024-04-01</subfield>
    <subfield code="e">DBAD</subfield>
    <subfield code="g">800.00</subfield>
    <subfield code="l">1</subfield>
    <subfield code="o">639.9 CHO</subfield>
    <subfield code="p">EN-123522</subfield>
    <subfield code="r">2024-08-17 00:00:00</subfield>
    <subfield code="s">2024-08-05</subfield>
    <subfield code="t">1</subfield>
    <subfield code="v">800.00</subfield>
    <subfield code="w">2024-04-01</subfield>
    <subfield code="y">EN</subfield>
  </datafield>
</record>
